000 00459nam a22001817a 4500
003 CEME
005 20210628201650.0
008 210212b xxu||||| |||| 00| 0 eng d
020 _a0-412-78560-9
040 _c.
082 _a629.89 TAY
100 _aTaylor, H. Rosemary
_956255
245 _aData acquistion for sensor systems
260 _aLONDON
_bCHAPMAN AND HALL
_c1997
300 _aXII,320P
650 _aSENSOR SYSTEMS
_956256
942 _cBK
_2ddc
999 _c566729
_d566729